000 00533nam a2200217Ia 4500
003 OSt
005 20220924133804.0
006 a|||||r|||| 00| 0
007 ta
008 220923b |||||||| |||| 00| 0 snd d
024 _a268883
037 _cTextual
040 _aARTS
_cARTS
_bsnd
041 _2snd
_asnd
082 _aO142,3NTR, 1593H9
100 _aTarjunaif
_9207367
245 0 _aPhir yun pyar
260 _c1949
942 _hO142,3NTR, 1593H9
_cTEXL
_2CC
999 _c435224
_d435224